[Event "Berlin Eckbauer op 11th"]
[Site "Berlin"]
[Date "2008.09.22"]
[Round "3.29"]
[White "Kaniecki, Mariusz"]
[Black "Baeten, Herman"]
[Result "0-1"]
[WhiteElo "1409"]
[BlackElo "1558"]
[PlyCount "48"]
[EventDate "2008.09.08"]
[EventType "swiss"]
[EventRounds "6"]
[EventCountry "GER"]
[SourceTitle "EXT 2022"]
[Source "ChessBase"]
[SourceDate "2021.10.06"]
[SourceVersion "1"]
[SourceVersionDate "2021.10.06"]
[SourceQuality "1"]

1. d4 Nf6 2. c4 d5 3. Nc3 e6 4. Bg5 Be7 5. Nf3 Nbd7 6. e3 c5 7. cxd5 Nxd5 8. Bxe7 Qxe7 9. Rc1 0-0 10. Nxd5 exd5 11. dxc5 Nxc5 12. Be2 Be6 13. 0-0 Rad8 14. Nd4 a6 15. b4 Ne4 16. f3 Nd6 17. a3 Nc4 18. Bxc4 dxc4 19. Rc3 Rd6 20. Qe2 Rfd8 21. Qf2 Bc8 22. Re1 b5 23. g4 Re8 24. Qg3 Rxd4 0-1

[Event "Berlin Eckbauer op 11th"]
[Site "Berlin"]
[Date "2008.09.08"]
[Round "1.11"]
[White "Oginski, Ulrich"]
[Black "Baeten, Herman"]
[Result "1-0"]
[WhiteElo "1902"]
[BlackElo "1558"]
[PlyCount "83"]
[EventDate "2008.09.08"]
[EventType "swiss"]
[EventRounds "6"]
[EventCountry "GER"]
[SourceTitle "EXT 2022"]
[Source "ChessBase"]
[SourceDate "2021.10.06"]
[SourceVersion "1"]
[SourceVersionDate "2021.10.06"]
[SourceQuality "1"]

1. c4 Nf6 2. Nf3 e6 3. Nc3 c5 4. g3 b6 5. Bg2 Bb7 6. 0-0 Nc6 7. Re1 Be7 8. e4 d6 9. d4 cxd4 10. Nxd4 0-0 11. Nxc6 Bxc6 12. e5 Bxg2 13. exf6 Bxf6 14. Kxg2 Bxc3 15. bxc3 Qc7 16. Qg4 f5 17. Qd4 e5 18. Qd5+ Kh8 19. Rd1 Rac8 20. a4 Qf7 21. Qxf7 Rxf7 22. a5 h6 23. axb6 axb6 24. Ra4 Rd7 25. Be3 Kg8 26. Bxb6 Kf7 27. c5 d5 28. Rda1 d4 29. cxd4 exd4 30. Rd1 d3 31. Ra2 Rc6 32. Ra3 g6 33. Raxd3 Re7 34. Rd7 Rxd7 35. Rxd7+ Ke6 36. Rc7 Rxc7 37. Bxc7 g5 38. Kf3 Kd5 39. Bd6 Ke6 40. Ke3 Kd5 41. Kd3 h5 42. Be7 1-0

[Event "Berlin Eckbauer op 10th"]
[Site "Berlin"]
[Date "2007.10.30"]
[Round "6"]
[White "Baeten, Herman"]
[Black "Berg, Gerd"]
[Result "1-0"]
[WhiteElo "1576"]
[BlackElo "1762"]
[PlyCount "79"]
[EventDate "2007.08.18"]
[EventType "swiss"]
[EventRounds "7"]
[EventCountry "GER"]
[SourceTitle "EXT 2022"]
[Source "ChessBase"]
[SourceDate "2021.10.06"]
[SourceVersion "1"]
[SourceVersionDate "2021.10.06"]
[SourceQuality "1"]

1. d4 Nf6 2. Nf3 b6 3. c4 Bb7 4. Nc3 e6 5. Bg5 Be7 6. Bxf6 Bxf6 7. e4 d6 8. Bd3 0-0 9. Qe2 Nd7 10. Rd1 Re8 11. 0-0 e5 12. dxe5 Nxe5 13. Nxe5 Bxe5 14. Nb1 Re6 15. b3 Qh4 16. g3 Qh3 17. Nd2 Rh6 18. f4 Bd4+ 19. Kh1 Re8 20. Qg2 Qe6 21. Rde1 Bc3 22. Rf2 Qg4 23. Be2 Qh3 24. Bf3 Bc8 25. Qxh3 Bxh3 26. Bg2 Bd4 27. Rfe2 Bg4 28. Bf3 Bh3 29. Nf1 a5 30. Ne3 Bc3 31. Rd1 c6 32. g4 g6 33. Rxd6 Bb4 34. Rxc6 Bc5 35. Nf5 Bf8 36. Nxh6+ Bxh6 37. g5 Bg7 38. e5 Rd8 39. Rd6 Rc8 40. Red2 1-0

[Event "Berlin Eckbauer op 10th"]
[Site "Berlin"]
[Date "2007.10.23"]
[Round "5"]
[White "Lakowitz, Detlev"]
[Black "Baeten, Herman"]
[Result "0-1"]
[WhiteElo "783"]
[BlackElo "1576"]
[PlyCount "72"]
[EventDate "2007.08.18"]
[EventType "swiss"]
[EventRounds "7"]
[EventCountry "GER"]
[SourceTitle "EXT 2022"]
[Source "ChessBase"]
[SourceDate "2021.10.06"]
[SourceVersion "1"]
[SourceVersionDate "2021.10.06"]
[SourceQuality "1"]

1. e4 e6 2. Nc3 d5 3. exd5 exd5 4. Qe2+ Be7 5. d4 Nf6 6. Bg5 0-0 7. 0-0-0 Bg4 8. Nf3 h6 9. Bxf6 Bxf6 10. h3 Bf5 11. Ne5 c6 12. g4 Bh7 13. Bg2 Re8 14. Rhe1 Bg5+ 15. Rd2 f6 16. Qf1 fxe5 17. Rxe5 Rxe5 18. dxe5 Bf4 19. e6 Na6 20. a3 Qg5 21. Qe2 Re8 22. Kd1 Bxd2 23. Qxd2 Qxd2+ 24. Kxd2 Rxe6 25. Ne2 Nc5 26. Nd4 Re7 27. Nf5 Bxf5 28. gxf5 Rf7 29. b4 Rxf5 30. bxc5 Rxf2+ 31. Ke1 Rxg2 32. Kf1 Rxc2 33. h4 b5 34. h5 a5 35. Ke1 d4 36. Kd1 d3 0-1

[Event "Berlin Eckbauer op 10th"]
[Site "Berlin"]
[Date "2007.10.09"]
[Round "4"]
[White "Baeten, Herman"]
[Black "Stadelmann, Bernd"]
[Result "0-1"]
[WhiteElo "1576"]
[BlackElo "1387"]
[PlyCount "69"]
[EventDate "2007.08.18"]
[EventType "swiss"]
[EventRounds "7"]
[EventCountry "GER"]
[SourceTitle "EXT 2022"]
[Source "ChessBase"]
[SourceDate "2021.10.06"]
[SourceVersion "1"]
[SourceVersionDate "2021.10.06"]
[SourceQuality "1"]

1. Nf3 d5 2. d4 Nf6 3. e3 Bf5 4. c4 c6 5. Qb3 Qd7 6. Nc3 e6 7. Ne5 Qc7 8. c5 Nbd7 9. Nf3 Be7 10. Qd1 0-0 11. Bd3 Bg6 12. Bxg6 fxg6 13. Ng5 Rfe8 14. Nxe6 Qc8 15. 0-0 Bf8 16. Nxf8 Nxf8 17. h3 Qd8 18. b4 Ne4 19. Nxe4 Rxe4 20. f3 Rh4 21. Kh2 Qd7 22. Qe1 g5 23. e4 h6 24. g4 Ne6 25. Be3 Rf8 26. Qd2 dxe4 27. fxe4 Rf4 28. Rxf4 Nxf4 29. Bxf4 Qxg4 30. Qg2 Qxf4+ 31. Kg1 Qe3+ 32. Kh2 g4 33. Qxg4 Rxg4 34. hxg4 Qd2+ 35. Kg3 0-1

[Event "Berlin Eckbauer op 10th"]
[Site "Berlin"]
[Date "2007.10.02"]
[Round "3"]
[White "Hankow, Bert Juergen"]
[Black "Baeten, Herman"]
[Result "1-0"]
[WhiteElo "2002"]
[BlackElo "1576"]
[PlyCount "59"]
[EventDate "2007.08.18"]
[EventType "swiss"]
[EventRounds "7"]
[EventCountry "GER"]
[SourceTitle "EXT 2022"]
[Source "ChessBase"]
[SourceDate "2021.10.06"]
[SourceVersion "1"]
[SourceVersionDate "2021.10.06"]
[SourceQuality "1"]

1. d4 Nf6 2. c4 d5 3. cxd5 Nxd5 4. e4 Nf6 5. Nc3 c6 6. Nf3 h6 7. h3 e6 8. Bd3 b6 9. 0-0 Be7 10. Re1 0-0 11. Be3 Bb7 12. Rc1 Nbd7 13. Bb1 Re8 14. a3 Nh7 15. Qd3 Ng5 16. Nd2 Nh7 17. f4 a5 18. Nf3 Nhf8 19. Bf2 Ba6 20. Qd1 Qb8 21. e5 b5 22. Be4 Bb7 23. g4 Nb6 24. Nd2 Nd5 25. Bxd5 exd5 26. Qf3 b4 27. Na4 bxa3 28. bxa3 Ba6 29. Rxc6 Bb5 30. Rb6 1-0

[Event "Berlin Eckbauer op 10th"]
[Site "Berlin"]
[Date "2007.09.25"]
[Round "2"]
[White "Baeten, Herman"]
[Black "Lippianowski, Stefan"]
[Result "1-0"]
[WhiteElo "1576"]
[BlackElo "975"]
[PlyCount "21"]
[EventDate "2007.08.18"]
[EventType "swiss"]
[EventRounds "7"]
[EventCountry "GER"]
[SourceTitle "EXT 2022"]
[Source "ChessBase"]
[SourceDate "2021.10.06"]
[SourceVersion "1"]
[SourceVersionDate "2021.10.06"]
[SourceQuality "1"]

1. Nf3 d5 2. c4 Nf6 3. g3 Bf5 4. Bg2 h6 5. Qb3 b6 6. 0-0 Nc6 7. d3 e5 8. cxd5 Nxd5 9. Nxe5 Nd4 10. Qa4+ Nc6 11. Qxc6+ 1-0